| 000 | 00343nam a22001337a 4500 | ||
|---|---|---|---|
| 020 | _a9781439800737 | ||
| 082 |
_a631.4 _bLAL/AD |
||
| 245 | _aAdvance in Soil science: Soil Quality And Biofuel Production | ||
| 260 |
_aNew Y ork _bCRC Press _c2014 |
||
| 300 | _a210 | ||
| 700 |
_aRattan, Lal _9450 |
||
| 700 |
_aStewart,B.A _9451 |
||
| 942 | _cBK | ||
| 999 |
_c14319 _d14319 |
||